000 00252pam a2200133 a 4500
020 _c
041 _h
100 _aRaju
245 _aWater Supply and Water Engineering
260 _c1995
300 _a470
653 _aEngineering
930 _a901
999 _c246754
_d246754